Pornoburka (Record no. 183551)

MARC details
000 -LEADER
campo de control de longitud fija 00804nam a2200229 i 4500
001 - NÚMERO DE CONTROL
campo de control 183551
003 - IDENTIFICADOR DE NÚMERO DE CONTROL
campo de control ES-MaACL
005 - FECHA Y HORA DE LA ÚLTIMA TRANSACCIÓN
campo de control 20231106113202.0
008 - DATOS DE LONGITUD FIJA--INFORMACIÓN GENERAL
campo de control de longitud fija 140718s2013 sp |||| | spa d
020 ## - NÚMERO INTERNACIONAL ESTÁNDAR DEL LIBRO
Número Internacional Estándar del Libro 978-84-616-6174-9
080 ## - NÚMERO DE LA CLASIFICACIÓN DECIMAL UNIVERSAL
Número de la Clasificación Decimal Universal 821.134.2
100 1# - ENTRADA PRINCIPAL--NOMBRE DE PERSONA
Nombre de persona Vasallo, Brigitte.
9 (RLIN) 155010
245 10 - MENCIÓN DEL TÍTULO
Título Pornoburka
Resto del título : desventuras del Raval y otras f(r)icciones contemporáneas /
Mención de responsabilidad, etc. Brigitte Vasallo ; prólogo de Juan Goytisolo.
250 ## - MENCION DE EDICION
Mención de edición 1ª ed.
260 ## - PUBLICACIÓN, DISTRIBUCIÓN, ETC.
Lugar de publicación, distribución, etc. [Barcelona] :
Nombre del editor, distribuidor, etc. Ediciones Cautivas,
Fecha de publicación, distribución, etc. 2013.
300 ## - DESCRIPCIÓN FÍSICA
Extensión 165 p. ;
Dimensiones 22 cm.
700 1# - ENTRADA AGREGADA--NOMBRE PERSONAL
Nombre de persona Goytisolo, Juan.
9 (RLIN) 59422
852 ## - LOCALIZACIÓN
Ubicación ES-MaACL
Número de control de estantería A-13161
itemnumber 190492
Sublocalización o colección R.150023
Ubicación en estantería Depósito 1
Signatura antigua Olim: N-6161
Donativo/Legado Donacion: de la autora Brigitte Vasallo
903 ## - NOMBRE PERSONAL DE DONANTE
9 155010
a Vasallo, Brigitte
e Donante
942 ## - ELEMENTOS DE ENTRADA SECUNDARIOS (KOHA)
Fuente del sistema de clasificación o colocación Clasificación decimal universal
Holdings
Estatus retirado Estado de pérdida Fuente del sistema de clasificación o colocación Estado de daño No para préstamo Colección Biblioteca de origen Biblioteca actual Ubicación en estantería Fecha de adquisición Fuente de adquisición Total de préstamos Signatura topográfica completa Código de barras Visto por última vez Precio de reemplazo Tipo de ítem Koha Nota pública
    Clasificación decimal universal     Libros con dedicatorias Biblioteca del Ateneo de Madrid Biblioteca del Ateneo de Madrid Depósito 1 18/07/2014 Donación   A-13161 1192932 23/02/2023 23/02/2023 Libro impreso Dedicatoria autógrafa de la autora